000 00238 a2200109 4500
001 44125
040 _cAnchieta - Aquarius
240 1 0 _aMuseu virtual dos felinos
_l
245 1 0 _aMuseu virtual dos felinos
650 4 _aMúsica
942 _cMU
999 _c44125
_d44125